000 01084nas a2200361 4500
001 BR0303027
003 BR-BrBNA
005 20231205104030.0
007 ta
008 230509b bl.|||p| |||| 00| 00por d
040 _aBR-BrBNA
_bpor
_cBiblioteca Nacional de Agricultura
041 _a(Pt)
072 _aL01; Q04
100 1 _aRestle, J.
100 1 _aVaz, F.N.
100 1 _aBernardes, R.A.C.
100 1 _aPascoal, L.L.
100 1 _aMenezes, L.F.G. de
100 1 _aPacheco, P.S.
245 1 _aCaracterísticas de carcaça e da carne de vacas de descarte de diferentes genótipos Charolês x Nelore, terminadas em confinamento
650 _aGADO CHAROLÊS
650 _aGADO NELORE
650 _aCONFINAMENTO
650 _aABATE
650 _aCARCAÇA
650 _aCARNE
650 _aCONTROLE DE QUALIDADE
650 _aRENDIMENTO
650 _aPROPRIEDADE FÍSICO-QUÍMICA
773 0 _tCiência Rural (Brazil)
_xISSN 0103-8478
_g(Mar-Apr 2003), v. 33(2) p. 345-350
_wBR0303027
909 _a202311
_bLúcia
_c55
_dLúcia Elande
942 _2AGRIS
_n0
_cANA
999 _c176018
_d176018